000 00752nam a2200301Ia 4500
001 17800
003 IT-RoPAU
008 130308s9999 xx 000 0 und d
040 _aIT-RoPAU
040 _cIT-RoPAU
041 _aFRANCESE
100 _aGritti Jules
100 _gCodice Aut. SPICS: 5792
245 _aPresse et le pouvoir (La)
245 _bPresse (La)
250 _a1a ed.
260 _aPARIS
260 _bLarousse
260 _c1976 [1° Ed.:1976 - Ed.Ling.Originale:1974]
300 _a"3 p. (prefazione: no ; testo: 3 [pagine: 142-144])"
500 _aStampa e Potere
650 _aSAGGI DI STAMPA DI MASSA
650 _eCodice materia Spics: 6661
942 _cBK
957 _71
999 _c50172
_d50172
999 _bSI
999 _g1